De Cádiz a Roma (Record no. 157536)

MARC details
000 -LEADER
campo de control de longitud fija 00935nam a2200181 i 4500
001 - NÚMERO DE CONTROL
campo de control 157536
003 - IDENTIFICADOR DE NÚMERO DE CONTROL
campo de control ES-MaACL
005 - FECHA Y HORA DE LA ÚLTIMA TRANSACCIÓN
campo de control 20230906210725.0
008 - DATOS DE LONGITUD FIJA--INFORMACIÓN GENERAL
campo de control de longitud fija 960320s1876 sp |||| | spa d
100 1# - ENTRADA PRINCIPAL--NOMBRE DE PERSONA
Nombre de persona León y Domínguez, José María.
9 (RLIN) 128932
245 10 - MENCIÓN DEL TÍTULO
Título De Cádiz a Roma
Resto del título : álbum histórico-descriptivo de la primera peregrinacion española al Vaticano en 1876, visitando los santuarios del Pilar, Londres, Padua, Asis y Loreto y las ciudades de Nápoles (Pompeya), Florencia... y otras principales de Italia /
Mención de responsabilidad, etc. por José María León y Domínguez.
260 ## - PUBLICACIÓN, DISTRIBUCIÓN, ETC.
Lugar de publicación, distribución, etc. Cádiz :
Nombre del editor, distribuidor, etc. [s.n.],
Fecha de publicación, distribución, etc. 1876 (
Fabricante Imp. de la Revista Médica de Federico Joly)
300 ## - DESCRIPCIÓN FÍSICA
Extensión 440 p. ;
Dimensiones 18 cm.
530 ## - NOTA DISPONIBLE DE FORMULARIO FÍSICO ADICIONAL
Nota de formato físico adicional disponible Disponible en formato digital.
650 #4 - PUNTO DE ACCESO ADICIONAL DE MATERIA--TÉRMINO DE MATERIA
Término de materia o nombre geográfico como elemento de entrada Peregrinaciones cristianas-
Subdivisión geográfica Roma (Ciudad)
9 (RLIN) 141465
852 ## - LOCALIZACIÓN
Ubicación ES-MaACL
Número de control de estantería C-282
Nota libre - Enc. hol.
856 ## - LOCALIZACIÓN Y ACCESO ELECTRÓNICOS
Identificador Uniforme de Recursos <a href="http://bdh-rd.bne.es/viewer.vm?id=0000039326&page=1 ">http://bdh-rd.bne.es/viewer.vm?id=0000039326&page=1 </a>
Nota pública Biblioteca Digital Hispánica
Holdings
Estatus retirado Estado de pérdida Estado de daño No para préstamo Colección Biblioteca de origen Biblioteca actual Ubicación en estantería Fecha de adquisición Fuente de adquisición Total de préstamos Signatura topográfica completa Código de barras Visto por última vez Precio de reemplazo Tipo de ítem Koha
        Colección digital Biblioteca del Ateneo de Madrid Biblioteca del Ateneo de Madrid Sala Palomar 17/01/2008     C-282 1164855 23/02/2023 23/02/2023 Libro impreso antiguo